| 000 | 00543nam a22001697a 4500 | ||
|---|---|---|---|
| 005 | 20231106135029.0 | ||
| 008 | 231106b |||||||| |||| 00| 0 eng d | ||
| 020 | _a0409034096 ; 040903410 | ||
| 041 | _aEnglish | ||
| 082 | _a346.5 ISA | ||
| 100 |
_aIsaacs, I and Horwitz, M _lEnglish |
||
| 245 |
_aThe South African Law of Testate Succession / _cI Isaacs and M Horwitz |
||
| 260 |
_aDurban : _bButterworths, _c1979 |
||
| 300 |
_bxix, 203 pages ; _c26 cm. |
||
| 650 |
_aLegal practice _bLaw |
||
| 942 |
_cBK _6ALISON_BN_VRIES |
||
| 999 |
_c328 _d328 |
||